Phương pháp giáo dục trẻ hư

Сохранить в:
Библиографические подробности
Главный автор: Phạm, Côn Sơn
Другие авторы: Tô Quốc Tuấn
Формат:
Опубликовано: Đồng tháp Tổng hợp Đồng Tháp 1993
Предметы:
Метки: Добавить метку
Нет меток, Требуется 1-ая метка записи!
Thư viện lưu trữ: Trung tâm Học liệu Lê Vũ Hùng, Trường Đại học Đồng Tháp
LEADER 00911pam a22003378a 4500
001 00035982
005 20171026081025.0
008 170111s1993 ||||||Viesd
041 0 # |a Vie 
082 1 4 |a 649  |b PH561PH 
100 0 # |a Phạm, Côn Sơn 
245 1 0 |a Phương pháp giáo dục trẻ hư  |c Phạm Côn Sơn; Tô Quốc Tuấn 
260 # # |a Đồng tháp  |b Tổng hợp Đồng Tháp  |c 1993 
300 # # |a 167tr.  |c 19cm. 
653 # # |a Giáo dục 
653 # # |a Kỹ năng sống 
653 # # |a Phương pháp 
653 # # |a nuôi dạy trẻ 
700 1 # |a Tô Quốc Tuấn 
852 # # |b Kho đọc  |j KD.0019439 
852 # # |j KD.0019439 
910 0 # |d 11/01/2017 
980 # # |a Trung tâm Học liệu Lê Vũ Hùng, Trường Đại học Đồng Tháp